[Event "Euskadi ch"]
[Site "Zornotza"]
[Date "2014.04.21"]
[Round "1"]
[White "Sanchez Ruesga, Hector"]
[Black "Del Rio De Angelis, Salvador G"]
[Result "0-1"]
[WhiteElo "2092"]
[BlackElo "2507"]

1. d4 e6 2. c4 Nf6 3. Nf3 d5 4. g3 Be7 5. Bg2 O-O 6. O-O b6 7. Nc3 Bb7 8. 
cxd5 exd5 9. Bf4 Na6 10. Rc1 h6 11. a3 c5 12. Qa4 Re8 13. Rfd1 Bf8 14. Qc2
Qc8 15. Ne5 cxd4 16. Rxd4 g5 17. Nxd5 Bxd5 18. Bxd5 Nxd5 19. Qb3 Nc5 20. 
Qxd5 Qe6 21. b4 gxf4 22. bxc5 Qxe5 23. Qxe5 Rxe5 24. cxb6 axb6 25. Rxf4 
Rxe2 26. a4 Bc5 27. Rd1 Rae8 28. Rd7 R2e7 29. Rd5 Re5 30. Rd7 R8e7 31. 
Rd8+ Kg7 32. Ra8 Re4 33. Rf5 Bb4 34. Kg2 Ba5 35. Rb5 R7e6 36. Ra7 Rxa4 0-1

[Event "Euskadi ch"]
[Site "Zornotza"]
[Date "2014.04.21"]
[Round "1"]
[White "Gonzalez De La Torre, Santiago"]
[Black "Marchena Hurtado, Ander"]
[Result "1-0"]
[WhiteElo "2459"]
[BlackElo "2085"]

1. e4 c5 2. Nf3 Nc6 3. Nc3 d6 4. d4 cxd4 5. Nxd4 Nf6 6. Bg5 e6 7. Qd2 Be7 
8. O-O-O Nxd4 9. Qxd4 O-O 10. f3 a6 11. h4 b5 12. Kb1 Bb7 13. Qd2 Qc7 14. 
Bd3 Rfd8 15. Qe1 b4 16. Ne2 Qc5 17. g4 a5 18. Ng3 Rac8 19. Be3 Qc7 20. g5 
Nd7 21. h5 Ne5 22. Qf2 Nc4 23. Bxc4 Qxc4 24. Bb6 Rd7 25. b3 Qb5 26. f4 d5 
27. h6 Bc5 28. Bxc5 Qxc5 29. Qxc5 Rxc5 30. Nh5 Rdc7 31. hxg7 Rxc2 32. Nf6+
Kxg7 33. Rxh7+ Kf8 34. Rh8+ Kg7 35. Rg8# 1-0

[Event "Euskadi ch"]
[Site "Zornotza"]
[Date "2014.04.21"]
[Round "1"]
[White "Garrido Legarreta, Jose Javier"]
[Black "Huerga Leache, Mikel"]
[Result "0-1"]
[WhiteElo "2050"]
[BlackElo "2440"]

1. d4 Nf6 2. c4 e6 3. Nc3 Bb4 4. e3 O-O 5. Ne2 Re8 6. a3 Bf8 7. g3 d5 8. 
cxd5 exd5 9. Bg2 Na6 10. O-O c6 11. Bd2 Nc7 12. b4 Bf5 13. Nf4 Qd7 14. h3 
Ne6 15. g4 Nxf4 16. exf4 Bd3 17. Re1 Ne4 18. Re3 Nxc3 19. Bxc3 Bc4 20. Qd2
Rxe3 21. fxe3 Re8 22. Re1 Be7 23. e4 Bh4 24. Re3 dxe4 25. Bxe4 Re7 26. d5 
cxd5 27. Bg2 Qe8 28. Rxe7 Qxe7 29. g5 Qe6 30. Qd4 Qg6 31. Qxa7 h6 32. Qxb7
Bg3 33. Qc8+ Kh7 34. f5 Qxg5 35. Be4 Qe3+ 0-1

[Event "Euskadi ch"]
[Site "Zornotza"]
[Date "2014.04.21"]
[Round "1"]
[White "Astasio Lopez, David"]
[Black "Tetimov, Ivan"]
[Result "1-0"]
[WhiteElo "2418"]
[BlackElo "2047"]

1. d4 d5 2. Nf3 c6 3. c3 Nf6 4. Nbd2 Bf5 5. Nh4 Bg4 6. h3 Bh5 7. g4 Bg6 8.
 Bg2 e6 9. Nxg6 hxg6 10. Qb3 Qb6 11. e4 Nxe4 12. Nxe4 dxe4 13. Bxe4 Nd7 
14. Bg2 Bd6 15. Be3 Nf6 16. c4 Qxb3 17. axb3 a6 18. f4 Rb8 19. Kd2 Nd7 20.
 Kc3 Ke7 21. b4 Nf6 22. Rhf1 Rhe8 23. Bd2 Kf8 24. Kc2 Bc7 25. Bf3 Red8 26.
 Be3 Bd6 27. Kc3 Re8 28. b3 Rec8 29. Ra2 Ke7 30. Bd2 Rh8 31. Bg2 Rhe8 32. 
Be1 Kf8 33. Re2 Bc7 34. Ra2 Bd6 35. Bd2 Ke7 36. Kd3 Red8 37. Ke3 Kf8 38. 
Bc3 Bc7 39. Bf3 Bb6 40. Rd1 Bc7 41. Rad2 Rd7 42. Be2 Rbd8 43. Bd3 Ke7 44. 
Kf3 Rh8 45. Rh1 Bb6 46. Be2 Rhd8 47. Ke3 Bc7 48. Bf3 Rb8 49. h4 Kf8 50. 
Rg2 Ng8 51. h5 gxh5 52. Rxh5 Nf6 53. Rh1 Rdd8 54. g5 Nd7 55. Rh7 g6 56. 
Be4 Ke8 57. Rgh2 Nf8 58. Rg7 Bd6 59. Rd2 Be7 60. d5 cxd5 61. cxd5 Rbc8 62.
 Bf6 Bxb4 63. Rd3 Bc5+ 64. Ke2 Rd6 65. Be5 Rb6 66. Rg8 Bd6 67. Bd4 Bc5 68.
 Rc3 exd5 69. Bxd5 Rd6 70. Rxc5 Rxc5 71. Rxf8+ Kd7 72. Rxf7+ Ke8 73. Bxc5 
Rxd5 74. Re7+ Kd8 75. Re5 Rd7 76. Bb6+ 1-0

[Event "Euskadi ch"]
[Site "Zornotza"]
[Date "2014.04.21"]
[Round "1"]
[White "Perez Fernandez, Modesto"]
[Black "Sarralde Osua, Rodrigo"]
[Result "0-1"]
[WhiteElo "2038"]
[BlackElo "2351"]

1. e4 c5 2. Nf3 d6 3. d4 cxd4 4. Nxd4 Nf6 5. Nc3 a6 6. Bg5 e6 7. f4 Qc7 8.
 Bxf6 gxf6 9. Qd3 Bd7 10. O-O-O Nc6 11. Nb3 O-O-O 12. Be2 Kb8 13. Rhf1 Rc8
14. Kb1 h5 15. Qh3 b5 16. a3 Na5 17. Nxa5 Qxa5 18. e5 f5 19. exd6 Bg7 20. 
Na2 Qb6 21. Qb3 Ka7 22. Rf3 h4 23. Qe3 Bc6 24. d7 Rcd8 25. Rd6 Qxe3 26. 
Rxe3 Bxg2 27. Bf3 Bxf3 28. Rxf3 Bf8 29. Rd1 Rg8 30. Rc3 Kb7 31. Nb4 Bxb4 
32. axb4 Rg4 33. Rf3 Rg2 34. Rh3 Rf2 35. Rd4 Re2 36. Rxh4 Re1+ 37. Ka2 Re4
38. Rd6 Rxb4 39. b3 Kc7 40. Rxa6 Rxd7 41. Rh7 Kd8 42. Ra8+ Ke7 43. Rb8 
Rxf4 44. Rxb5 Rf2 45. Rc5 f4 46. Rh4 Kd6 47. b4 f6 48. Rh6 Rf7 49. Kb3 e5 
50. Ra5 e4 51. Ra6+ Ke5 52. Rh5+ f5 53. c3 e3 54. Rhh6 Re7 55. Ra5+ Ke4 
56. Rd6 e2 0-1

[Event "Euskadi ch"]
[Site "Zornotza"]
[Date "2014.04.21"]
[Round "1"]
[White "Villalta Bustillo, Igor"]
[Black "Galarza Cenzano, Inigo"]
[Result "1-0"]
[WhiteElo "2232"]
[BlackElo "2035"]

1. e4 c6 2. d4 d5 3. e5 Bf5 4. Nf3 e6 5. Be2 Nd7 6. Nbd2 Ne7 7. Nh4 Bg6 8.
 O-O Nf5 9. Nxg6 hxg6 10. Nf3 Be7 11. g4 Nh4 12. Nxh4 Bxh4 13. f4 g5 14. 
f5 Qb6 15. fxe6 fxe6 16. Qd3 O-O-O 17. Be3 Rh6 18. b4 Rf8 19. b5 cxb5 20. 
Qxb5 Qxb5 21. Bxb5 Rhh8 22. c4 Nb6 23. c5 Nd7 24. c6 bxc6 25. Rfc1 Rf3 26.
 Rxc6+ Kb7 27. Rc3 Nb6 28. Rf1 Rhf8 29. Kg2 Rxf1 30. Bxf1 Rc8 31. Rxc8 
Kxc8 32. Bb5 Kd8 33. Kf3 Nc8 34. Bd2 Ne7 35. Ba5+ Kc8 36. Be8 g6 37. Ke3 
Kb7 38. Bf7 Nc6 39. Bc3 Nd8 40. Bxg6 Kb6 41. Be8 Nc6 42. Bd7 Nd8 43. Ke2 
Kc7 44. Be8 Kb6 45. Bb4 a6 46. a4 Nb7 47. Bd7 Nd8 48. Be8 Nb7 49. Bf7 Nd8 
50. Bg8 Nc6 51. Bc5+ Ka5 52. Bxe6 1-0

[Event "Euskadi ch"]
[Site "Zornotza"]
[Date "2014.04.21"]
[Round "1"]
[White "Hernandez Perez, Jesus"]
[Black "Fernandez, Gerardo"]
[Result "0-1"]
[WhiteElo "2011"]
[BlackElo "2223"]

1. e4 e6 2. d3 d5 3. Nd2 Nf6 4. g3 Nc6 5. Ngf3 dxe4 6. dxe4 b6 7. c3 a5 8.
 Bb5 Bd7 9. O-O Bc5 10. Qc2 O-O 11. Nb3 Ne5 12. Be2 Nxf3+ 13. Bxf3 Bd6 14.
 Re1 e5 15. Qe2 a4 16. Nd2 Bc5 17. Nf1 Be6 18. Be3 Qe7 19. Qc2 Nd7 20. b3 
f6 21. Red1 Qf7 22. Bxc5 axb3 23. axb3 Rxa1 24. Rxd7 Qxd7 25. Bxf8 Kxf8 
26. Be2 Bh3 27. f4 Bxf1 28. Bxf1 exf4 29. e5 Qh3 30. Qf2 Rxf1+ 31. Qxf1 
Qxf1+ 32. Kxf1 fxe5 0-1

[Event "Euskadi ch"]
[Site "Zornotza"]
[Date "2014.04.21"]
[Round "1"]
[White "Diaz Herrero, Alvaro"]
[Black "Cucarella Montell, Angels"]
[Result "1-0"]
[WhiteElo "2210"]
[BlackElo "1978"]

1. e4 c5 2. Nf3 e6 3. d4 cxd4 4. Nxd4 a6 5. Nc3 Qc7 6. Bd3 Nc6 7. Nxc6 
bxc6 8. O-O d5 9. Re1 Nf6 10. Bg5 dxe4 11. Nxe4 Nxe4 12. Bxe4 Bd6 13. Qh5 
Rb8 14. b3 Rb5 15. c4 Ra5 16. Qh4 f5 17. Bc2 O-O 18. Bd2 Re5 19. f4 Qb6+ 
20. Kf1 Rxe1+ 21. Rxe1 Bc5 22. Re2 Bd4 23. Qe1 h6 24. Bc3 g5 25. fxg5 hxg5
26. Bxd4 Qxd4 27. Qd2 Qh4 28. Qd6 g4 29. g3 Qg5 30. Qf4 Qf6 31. Qe5 Qh6 
32. Qf4 Qf6 33. Re5 Rd8 34. b4 Kg7 35. a3 Rh8 36. Kg1 Rd8 37. Qe3 Rd2 38. 
Qxd2 Qxe5 39. Kf2 c5 40. Bd1 Qd4+ 41. Qxd4+ cxd4 42. c5 Kf7 43. Ba4 e5 44.
 Bc6 Ke7 45. a4 Kd8 46. b5 Kc7 47. Bd5 axb5 48. axb5 f4 49. b6+ Kb8 50. c6
Bf5 51. gxf4 exf4 52. Bc4 d3 53. Ba6 g3+ 54. hxg3 fxg3+ 55. Kxg3 1-0

[Event "Euskadi ch"]
[Site "Zornotza"]
[Date "2014.04.21"]
[Round "1"]
[White "Rodriguez Gonzalez, Alex"]
[Black "Alcaide Luque, Aitor"]
[Result "0-1"]
[WhiteElo "1971"]
[BlackElo "2179"]

1. e4 e6 2. Nc3 d5 3. d4 Bb4 4. Ne2 Nf6 5. Bg5 h6 6. Bxf6 Qxf6 7. e5 Qd8 
8. a3 Be7 9. g3 c5 10. dxc5 Nc6 11. b4 a5 12. Rb1 axb4 13. axb4 Nxe5 14. 
Nd4 O-O 15. f4 Nc6 16. Ncb5 e5 17. fxe5 Nxe5 18. Bg2 Bg4 19. Nf3 b6 20. h3
Bxf3 21. Bxf3 Nxf3+ 22. Qxf3 bxc5 23. O-O Qd7 24. Rbe1 Bf6 25. Qg4 Qxg4 
26. hxg4 cxb4 27. Rd1 Rac8 28. Rf2 Rc5 29. Nd6 Bg5 30. Kg2 Rc6 31. Nf5 Rd8
32. Rb1 Rc4 33. Kh3 g6 34. Nh4 Rdc8 35. Nf3 Be7 36. Ne1 Rc3 37. Rb2 Bd6 
38. Nd3 b3 39. Rxb3 Rxb3 40. cxb3 Rc3 41. Nf4 Rxb3 42. Kg2 Kg7 43. Rd2 
Bxf4 44. gxf4 Rb5 45. Kf3 Kf6 46. Rh2 Rb3+ 0-1

[Event "Euskadi ch"]
[Site "Zornotza"]
[Date "2014.04.21"]
[Round "1"]
[White "Marchena Hurtado, Javier"]
[Black "Goiria Egidazu, Jon Asel"]
[Result "1-0"]
[WhiteElo "2147"]
[BlackElo "1955"]

1. e4 e5 2. Nf3 Nc6 3. Bc4 Bc5 4. d3 Nf6 5. O-O d6 6. c3 a6 7. Bb3 Ba7 8. 
Nbd2 O-O 9. h3 h6 10. Re1 Re8 11. Nf1 Be6 12. Be3 Bxe3 13. Nxe3 Qd7 14. 
Bxe6 Qxe6 15. c4 Ne7 16. Nd5 Nexd5 17. cxd5 Qd7 18. Rc1 c6 19. dxc6 bxc6 
20. d4 Qb7 21. dxe5 dxe5 22. b3 Rad8 23. Qc2 Rd6 24. Qc5 Rde6 25. Nd2 Qb5 
26. a4 Qd3 27. Qc3 Rd8 28. Nc4 Qxc3 29. Rxc3 Rd4 30. f3 Nd7 31. b4 Kf8 32.
 Rb1 Ke7 33. Na5 Rdd6 34. Rbc1 Nb8 35. Kf1 Rd4 36. Rc4 Rxc4 37. Rxc4 Rd6 
38. Ke2 Kd7 39. Nb7 Rg6 40. Kf2 Kc7 41. Nc5 Kb6 42. Rc2 Rd6 43. Ke3 Nd7 
44. Nb3 Kc7 45. g3 Nf8 46. Rc5 Ne6 47. Rc1 Nf8 48. Na5 Ne6 49. Nc4 Rd4 50.
 Nxe5 Rxb4 51. Nxc6 Rxa4 52. Ne5+ Kd6 53. Nxf7+ Ke7 54. Ne5 Ra3+ 55. Kf2 
Ra2+ 56. Ke3 Ra3+ 57. Nd3 Ng5 58. Rc7+ Kf6 59. e5+ Kg6 60. f4 Ne6 61. Rc6 
Kf7 62. f5 Nd8 63. Rc7+ Kf8 64. e6 1-0

[Event "Euskadi ch"]
[Site "Zornotza"]
[Date "2014.04.21"]
[Round "1"]
[White "Garcia Sanchez, Jose Manuel"]
[Black "Sarralde Osua, Diego"]
[Result "1-0"]
[WhiteElo "1793"]
[BlackElo "2133"]

1. e4 c5 2. Nf3 d6 3. d4 cxd4 4. Nxd4 Nf6 5. Nc3 a6 6. a3 e5 7. Nb3 Be6 8.
 Bd3 d5 9. O-O Be7 10. Bg5 Nxe4 11. Bxe7 Nxc3 12. Bxd8 Nxd1 13. Raxd1 Kxd8
14. Bc4 Nc6 15. Bxd5 Bxd5 16. Rxd5+ Kc7 17. Rfd1 Rhd8 18. Rxd8 Nxd8 19. 
Kf1 Ne6 20. c3 b6 21. g3 Rf8 22. Ke2 f6 23. Ke3 Kc6 24. Rd2 Rf7 25. Nc1 
Nc7 26. Nd3 Nd5+ 27. Ke4 Re7 28. c4 Nc7 29. b4 Rd7 30. b5+ Nxb5 31. Nb4+ 
Kc7 32. Nxa6+ Kc8 33. Rxd7 Kxd7 34. cxb5 Kd6 35. a4 g6 36. f3 f5+ 37. Kd3 
Kd5 38. Kc3 g5 39. Nb4+ Kc5 40. Nd3+ Kd5 41. Kb4 e4 42. fxe4+ Kxe4 43. 
Nf2+ Ke3 44. a5 bxa5+ 45. Kxa5 Kxf2 46. b6 Kg2 47. b7 Kxh2 48. b8=Q Kh3 
49. Kb4 Kg4 50. Kc4 h5 51. Kd3 Kf3 52. Qe5 Kg4 53. Ke3 h4 54. gxh4 f4+ 55.
 Kf2 Kxh4 56. Kf3 Kh5 57. Qe8+ Kh6 58. Kg4 f3 59. Qf8+ Kh7 60. Qxf3 1-0

[Event "Euskadi ch"]
[Site "Zornotza"]
[Date "2014.04.21"]
[Round "1"]
[White "Axpe Balenciaga, Inigo"]
[Black "Barrio Ugidos, Ainhoa"]
[Result "1-0"]
[WhiteElo "2124"]
[BlackElo "1782"]

1. d4 d5 2. Nf3 Nf6 3. e3 e6 4. Bd3 Nbd7 5. Nbd2 Be7 6. O-O c5 7. b3 b6 8.
 Ne5 Qc7 9. Bb2 O-O 10. f4 Bb7 11. Qf3 c4 12. Nxd7 Qxd7 13. Be2 Rfc8 14. 
c3 b5 15. Qh3 a5 16. Rac1 Rcb8 17. Rb1 Ba6 18. Bf3 Bb7 19. g4 cxb3 20. 
axb3 b4 21. g5 Ne4 22. Bxe4 dxe4 23. c4 a4 24. bxa4 Rxa4 25. Rfd1 Qd8 26. 
Kf2 Ra5 27. Qg4 Bc6 28. h4 b3 29. h5 Bxg5 30. d5 exd5 31. Qxg5 f6 32. Qg4 
Bd7 33. Qe2 f5 34. Rh1 Rb7 35. h6 g6 36. Nf1 Rc5 37. Qd2 Be6 38. Qd4 Rc8 
39. Qh8+ Kf7 40. Qxh7+ Ke8 41. Qxb7 Rxc4 42. h7 1-0

[Event "Euskadi ch"]
[Site "Zornotza"]
[Date "2014.04.22"]
[Round "2"]
[White "Del Rio De Angelis, Salvador G"]
[Black "Diaz Herrero, Alvaro"]
[Result "1-0"]
[WhiteElo "2507"]
[BlackElo "2210"]

1. d4 Nf6 2. c4 g6 3. Nc3 d5 4. Bf4 Bg7 5. e3 c5 6. dxc5 Qa5 7. Rc1 dxc4 
8. Bxc4 O-O 9. Nf3 Qxc5 10. Bb3 Qa5 11. O-O Nbd7 12. Qe2 Nc5 13. Bc4 Be6 
14. Nd4 Bxc4 15. Qxc4 Nce4 16. Nb3 Qf5 17. Nxe4 Qxe4 18. Qxe4 Nxe4 19. Rc2
e5 20. Bg3 Nxg3 21. hxg3 e4 22. Nc5 f5 23. Rfc1 Rf7 24. Ne6 Rf6 25. Nxg7 
Kxg7 26. Rc7+ Rf7 27. Rxf7+ Kxf7 28. Rc7+ Ke6 29. Rxb7 h5 30. b4 a6 31. 
Rb6+ Ke5 32. Rxg6 Rb8 33. a3 a5 34. bxa5 Rb3 35. Rg5 Rxa3 36. Rxh5 Kf6 37.
 g4 fxg4 38. Kh2 Kg6 39. Re5 Ra4 40. Kg3 Kf6 41. Re8 Kf7 42. Ra8 Ra2 43. 
a6 1-0

[Event "Euskadi ch"]
[Site "Zornotza"]
[Date "2014.04.22"]
[Round "2"]
[White "Fernandez, Gerardo"]
[Black "Gonzalez De La Torre, Santiago"]
[Result "0-1"]
[WhiteElo "2223"]
[BlackElo "2459"]

1. b3 e5 2. Bb2 Nc6 3. e3 Nf6 4. Bb5 Bd6 5. d3 Ne7 6. d4 e4 7. Nd2 c6 8. 
Bf1 Bc7 9. Ne2 d5 10. c4 h5 11. h3 h4 12. Qc2 Bf5 13. Ba3 O-O 14. Nc3 Rc8 
15. Be2 Bb8 16. Na4 Re8 17. Bxe7 Qxe7 18. c5 Nd7 19. O-O-O Bg6 20. Rdg1 b5
21. Nc3 Nxc5 22. dxc5 Qxc5 23. Bg4 f5 24. Bd1 Be5 25. Ne2 Qb6 26. f4 Bf6 
27. Nf1 c5 28. g3 d4 29. Qd2 d3 30. Nc3 Bf7 31. Kb1 a5 32. Rg2 c4 33. a4 
cxb3 34. Nxb5 b2 35. Qxb2 Bxb2 36. Rxb2 Qc5 37. Ka1 Qc1+ 38. Rb1 d2 39. 
Rh2 Rc3 40. Nxc3 Qa3+ 41. Na2 Qxa2# 0-1

[Event "Euskadi ch"]
[Site "Zornotza"]
[Date "2014.04.22"]
[Round "2"]
[White "Huerga Leache, Mikel"]
[Black "Marchena Hurtado, Javier"]
[Result "1-0"]
[WhiteElo "2440"]
[BlackElo "2147"]

1. e4 c5 2. d3 Nc6 3. g3 g6 4. Bg2 Bg7 5. f4 d6 6. Nf3 e6 7. O-O Nge7 8. 
c3 O-O 9. Be3 b6 10. Bf2 Ba6 11. h3 Qd7 12. Re1 Rae8 13. d4 cxd4 14. cxd4 
d5 15. e5 Nb4 16. Re3 Rc8 17. Na3 Rc7 18. Qb3 Nbc6 19. Qa4 Nb8 20. Qxd7 
Nxd7 21. Bf1 Bxf1 22. Rxf1 a6 23. Ne1 Rfc8 24. Nd3 Bf8 25. Rf3 Nc6 26. g4 
Nb4 27. Nxb4 Bxb4 28. Be1 Be7 29. Bd2 Bxa3 30. Rxa3 Rc2 31. Bc3 a5 32. Rf2
Rxf2 33. Kxf2 Rc4 34. Ke3 Nb8 35. Kd3 Na6 36. b3 Rc6 37. Ra4 Kf8 38. Kc2 
Nb4+ 39. Kd2 Na6 40. Kc2 Ke8 41. Kb2 Nc7 42. Be1 Nb5 43. a3 Kd7 44. Bd2 
Kc8 45. Be1 Kb7 46. Bd2 Rc8 47. Be1 Na7 48. b4 Nc6 49. bxa5 b5 50. Rb4 
Nxb4 51. axb4 Rc4 52. Bc3 Rc8 53. g5 h6 54. h4 hxg5 55. fxg5 Rc4 56. Kb3 
Rc6 57. Kb2 Kc8 58. Kb3 Kd7 59. Kb2 Rc8 60. Kb3 Rh8 61. Be1 Re8 62. Bc3 
Rc8 63. Kb2 Rc4 64. Kb3 f6 65. exf6 Ke8 66. h5 gxh5 67. g6 h4 68. Bd2 Rc8 
69. f7+ Kd7 70. g7 1-0

[Event "Euskadi ch"]
[Site "Zornotza"]
[Date "2014.04.22"]
[Round "2"]
[White "Alcaide Luque, Aitor"]
[Black "Astasio Lopez, David"]
[Result "1-0"]
[WhiteElo "2179"]
[BlackElo "2418"]

1. d4 d5 2. c4 c6 3. Nf3 Nf6 4. e3 e6 5. b3 Bd6 6. Bd3 Nbd7 7. Bb2 Qe7 8. 
Ne5 Bb4+ 9. Nd2 Ne4 10. Bxe4 dxe4 11. O-O f5 12. a3 Nxe5 13. dxe5 Ba5 14. 
b4 Bc7 15. Qh5+ g6 16. Qh6 b6 17. a4 Bb7 18. c5 Ba6 19. Rfc1 O-O-O 20. Nb3
Qd7 21. Nd4 Bxe5 22. cxb6 Bg7 23. Qh4 axb6 24. b5 c5 25. bxa6 Kb8 26. Qg3+
f4 27. Qxf4+ e5 28. a7+ Kc7 29. Qg3 Kb7 30. Nb5 Rhe8 31. h3 Bf6 32. Kh2 h5
33. Qxg6 Qc6 34. Rd1 Rd3 35. Rxd3 exd3 36. Qxe8 1-0

[Event "Euskadi ch"]
[Site "Zornotza"]
[Date "2014.04.22"]
[Round "2"]
[White "Sarralde Osua, Rodrigo"]
[Black "Axpe Balenciaga, Inigo"]
[Result "1-0"]
[WhiteElo "2351"]
[BlackElo "2124"]

1. c4 g6 2. g3 Bg7 3. Bg2 e5 4. Nc3 d6 5. d3 Ne7 6. e4 O-O 7. Be3 Nbc6 8. 
Qd2 Nd4 9. h4 f5 10. O-O-O c6 11. h5 gxh5 12. Rxh5 Qe8 13. Rh2 Qg6 14. 
Nge2 fxe4 15. dxe4 Be6 16. Nxd4 exd4 17. Bxd4 Bg4 18. Rdh1 Bxd4 19. Qxd4 
Rf7 20. Rh6 Qg7 21. Qxg7+ Rxg7 22. Rxd6 Rf8 23. f4 Nc8 24. Rd3 b5 25. cxb5
cxb5 26. Re1 Be6 27. b3 b4 28. Ne2 a5 29. Kd2 Ne7 30. Rc1 Bc8 31. Rc7 Ba6 
32. Rdd7 Bxe2 33. Kxe2 Rxg3 34. Kf2 Rg6 35. Rxe7 Rxf4+ 36. Bf3 Rf8 37. 
Rxh7 Rff6 38. Rhd7 Rf8 39. e5 Rh6 40. Kg3 Rg6+ 41. Bg4 Re8 42. e6 Kf8 43. 
Kh4 Rf6 44. Bh5 1-0

[Event "Euskadi ch"]
[Site "Zornotza"]
[Date "2014.04.22"]
[Round "2"]
[White "Garcia Sanchez, Jose Manuel"]
[Black "Villalta Bustillo, Igor"]
[Result "1/2-1/2"]
[WhiteElo "1793"]
[BlackElo "2232"]

1. e4 e5 2. Bc4 Nf6 3. d3 c6 4. Nf3 Be7 5. O-O d6 6. Be3 O-O 7. h3 Nbd7 8.
 Nc3 Qc7 9. Bb3 Nc5 10. Qe2 Nxb3 11. axb3 Re8 12. Bxa7 c5 13. Bb6 Qb8 14. 
Bc7 Qxc7 15. Rxa8 Qc6 16. Rfa1 g6 17. Qd2 Kg7 18. Nd1 Nh5 19. c4 f5 20. 
Nc3 Nf6 21. Qe3 h6 22. Nd5 Nxd5 23. cxd5 Qd7 24. b4 c4 25. dxc4 fxe4 26. 
Qxe4 Rf8 27. Rc1 Qc7 28. Qe3 b6 29. Ra3 Bf5 30. c5 bxc5 31. bxc5 e4 32. 
cxd6 Qxd6 33. Qd4+ Bf6 34. Ra7+ Kg8 35. Qe3 exf3 36. Qxh6 Rf7 37. Ra8+ Bd8
38. Rc6 Qxd5 39. Rxg6+ Bxg6 40. Qxg6+ Rg7 41. Qe8+ Kh7 42. Rxd8 Rxg2+ 43. 
Kh1 Qc5 44. Qh8+ Kg6 45. Rg8+ Kf7 46. Qh7+ Kf6 47. Qh4+ Kf7 48. Rxg2 fxg2+
49. Kxg2 Qd5+ 50. f3 Qd2+ 51. Qf2 Qg5+ 52. Kh2 Qf4+ 53. Kg1 Qc1+ 54. Qf1 
Qxb2 55. Qc4+ Kf8 56. Qf4+ Ke8 57. h4 Qg7+ 58. Kh2 Qb2+ 59. Kh3 Qf2 60. 
Kg4 Qg1+ 61. Kh5 Qc5+ 62. Qg5 Qc3 63. f4 Kf8 64. f5 Kf7 65. Qg6+ Kf8 66. 
Qh6+ Kf7 67. Qe6+ Kf8 68. f6 Qf3+ 69. Kg5 Qh5+ 70. Kf4 Qf3+ 71. Ke5 Qe4+ 
72. Kd6 Qc6+ 1/2-1/2

[Event "Euskadi ch"]
[Site "Zornotza"]
[Date "2014.04.22"]
[Round "2"]
[White "Sarralde Osua, Diego"]
[Black "Galarza Cenzano, Inigo"]
[Result "1-0"]
[WhiteElo "2133"]
[BlackElo "2035"]

1. d4 Nf6 2. Nf3 g6 3. Bf4 Bg7 4. e3 d6 5. Bd3 O-O 6. h3 Re8 7. O-O Nc6 8.
 Bh2 e5 9. dxe5 Nxe5 10. Be2 Nxf3+ 11. Bxf3 Nd7 12. c3 Ne5 13. Bxe5 Bxe5 
14. Nd2 Qh4 15. Bg4 Bxg4 16. Qxg4 Qxg4 17. hxg4 d5 18. Rfd1 c6 19. Rac1 a5
20. Nf3 Bg7 21. Nd2 a4 22. a3 Ra6 23. g3 Rb6 24. Rc2 h6 25. Kg2 Bf6 26. e4
dxe4 27. Re1 e3 28. Nc4 Rb3 29. Rxe3 Rxe3 30. Nxe3 Kg7 31. Re2 b5 32. Rc2 
c5 33. Nd5 b4 34. axb4 cxb4 35. Nxb4 a3 36. bxa3 Bxc3 37. Nd5 Bd4 38. Ra2 
Rb5 39. Nf4 Kf6 40. a4 Ra5 41. Ne2 Ke5 42. Kf3 Ra6 43. Nf4 Ba7 44. Re2+ 
Kd6 45. Re4 g5 46. Nd3 Ra5 47. Rb4 Kc7 48. Ke4 Ra6 49. f4 Re6+ 50. Ne5 Bf2
51. Rb3 Bxg3 52. Rxg3 f6 53. Rc3+ Kb7 54. Rc6 Re7 55. Rxf6 gxf4 56. Rf7 
1-0

[Event "Euskadi ch"]
[Site "Zornotza"]
[Date "2014.04.22"]
[Round "2"]
[White "Cucarella Montell, Angels"]
[Black "Sanchez Ruesga, Hector"]
[Result "0-1"]
[WhiteElo "1978"]
[BlackElo "2092"]

1. e4 c5 2. Nf3 Nc6 3. d4 cxd4 4. Nxd4 Qb6 5. Nb3 Nf6 6. Nc3 e6 7. Bd3 Be7
8. O-O a6 9. Be3 Qc7 10. f4 d6 11. Qf3 O-O 12. g4 Nd7 13. g5 b5 14. Rae1 
Nb4 15. Qh5 g6 16. Qh4 Re8 17. Rf3 Nxd3 18. Rh3 h5 19. cxd3 Bf8 20. Nd4 b4
21. Nce2 e5 22. Rc1 Nc5 23. Nf5 Bxf5 24. exf5 Qd7 25. Ng3 Bg7 26. f6 Qg4 
27. fxg7 Nxd3 28. Rf1 exf4 29. Qxg4 hxg4 30. Rh8+ Kxg7 31. Bd4+ f6 32. 
Bxf6+ Kf7 33. Rh7+ Ke6 34. Ne4 Kd5 35. Nf2 Nxf2 36. Kxf2 Rac8 37. Rd1+ Ke4
38. Re1+ Kd3 39. Rxe8 Rxe8 40. Rh4 Re2+ 41. Kf1 Ke3 42. Rxg4 Rxh2 43. a3 
Kf3 44. Rg1 Rc2 0-1

[Event "Euskadi ch"]
[Site "Zornotza"]
[Date "2014.04.22"]
[Round "2"]
[White "Marchena Hurtado, Ander"]
[Black "Hernandez Perez, Jesus"]
[Result "1-0"]
[WhiteElo "2085"]
[BlackElo "2011"]

1. e4 c5 2. Nf3 d6 3. d4 cxd4 4. Nxd4 Nf6 5. Nc3 g6 6. Be3 Bg7 7. f3 O-O 
8. Qd2 Nc6 9. Bc4 Bd7 10. O-O-O Rc8 11. Bb3 Ne5 12. Kb1 Nc4 13. Bxc4 Rxc4 
14. g4 Qb8 15. h4 b5 16. h5 b4 17. Nd5 Nxd5 18. exd5 Rfc8 19. hxg6 fxg6 
20. Qh2 Kf7 21. Qf4+ Kg8 22. Rxh7 Rf8 23. Qh2 Kf7 24. Bh6 Rg8 25. Qf4+ 1-0

[Event "Euskadi ch"]
[Site "Zornotza"]
[Date "2014.04.22"]
[Round "2"]
[White "Goiria Egidazu, Jon Asel"]
[Black "Garrido Legarreta, Jose Javier"]
[Result "1-0"]
[WhiteElo "1955"]
[BlackElo "2050"]

1. e4 c5 2. Nc3 Nc6 3. f4 e6 4. Nf3 a6 5. g3 d5 6. Bg2 dxe4 7. Nxe4 Nf6 8.
 Nxf6+ Qxf6 9. O-O Bd6 10. c3 O-O 11. d3 e5 12. fxe5 Nxe5 13. Ng5 Qe7 14. 
d4 cxd4 15. cxd4 Bg4 16. Qe1 Nc6 17. Qxe7 Bxe7 18. d5 Bc5+ 19. Kh1 Nb4 20.
 Ne4 Bd4 21. Rf4 Nc2 22. Rb1 Be2 23. Nc3 Bd3 24. Be4 Bxe4+ 25. Rxe4 Rfe8 
26. Bf4 Bxc3 27. Rxe8+ Rxe8 28. bxc3 Re1+ 29. Rxe1 Nxe1 30. Kg1 b5 31. Bd6
f6 32. Kf2 Nd3+ 33. Ke3 Nb2 34. Kd4 Na4 35. c4 bxc4 36. Kxc4 Kf7 37. Bc7 
Ke7 38. Kb4 Kd7 39. d6 Nb2 40. Kc5 Na4+ 41. Kb4 Nb2 42. Ka5 Nc4+ 43. Kxa6 
Nxd6 44. Bxd6 Kxd6 45. Kb6 f5 46. h4 Ke5 47. a4 Ke4 48. a5 Kf3 49. a6 Kxg3
50. a7 f4 51. a8=Q f3 52. Qe4 f2 53. Qe3+ Kg2 54. Qe2 Kg1 55. Qg4+ Kh2 56.
 Qf3 Kg1 57. Qg3+ Kf1 58. Kc5 Ke2 59. Qg2 Ke1 60. Qe4+ Kd2 61. Qf3 Ke1 62.
 Qe3+ 1-0

[Event "Euskadi ch"]
[Site "Zornotza"]
[Date "2014.04.22"]
[Round "2"]
[White "Tetimov, Ivan"]
[Black "Rodriguez Gonzalez, Alex"]
[Result "1-0"]
[WhiteElo "2047"]
[BlackElo "1971"]

1. Nf3 c5 2. c4 Nc6 3. d4 cxd4 4. Nxd4 Nf6 5. Nc3 e6 6. g3 Bb4 7. Bg2 O-O 
8. O-O Bxc3 9. bxc3 a6 10. Ba3 Re8 11. Bd6 Qa5 12. Qb3 Qh5 13. h3 e5 14. 
g4 Nxg4 15. hxg4 Qxg4 16. Nc2 b5 17. Ne3 Qh5 18. Qc2 Re6 19. Qf5 g5 20. c5
b4 21. Qg4 Qg6 22. Be4 Qg7 23. Nf5 Qf6 24. Qf3 Bb7 25. Ne7+ Kh8 26. Qxf6+ 
Rxf6 27. Nxc6 Rxd6 28. cxd6 bxc3 29. Rab1 Bxc6 30. Bxc6 dxc6 31. Rb7 1-0

[Event "Euskadi ch"]
[Site "Zornotza"]
[Date "2014.04.22"]
[Round "2"]
[White "Barrio Ugidos, Ainhoa"]
[Black "Perez Fernandez, Modesto"]
[Result "1-0"]
[WhiteElo "1782"]
[BlackElo "2038"]

1. e4 c5 2. Nf3 e6 3. d4 cxd4 4. Nxd4 Nc6 5. Nc3 Qc7 6. g3 a6 7. Bg2 d6 8.
 O-O Bd7 9. Re1 Be7 10. Nxc6 Bxc6 11. Qg4 h5 12. Qe2 h4 13. a4 hxg3 14. 
hxg3 Qa5 15. Bf3 Nf6 16. Bd2 Qc7 17. a5 Kf8 18. Be3 Nd7 19. Na4 Bxa4 20. 
Rxa4 Rc8 21. Rc1 Bf6 22. c3 g6 23. Bd4 Kg7 24. Bxf6+ Nxf6 25. Re1 e5 26. 
Rd1 Rcd8 27. Qc4 Qd7 28. Rb4 Rc8 29. Qb3 Rc7 30. Rb6 Ne8 31. Rd5 Qe7 32. 
c4 Rh7 33. Qc3 Rc6 34. Qb3 Rc7 35. Qc3 Kf8 36. b4 f6 37. Qd3 Qg7 38. c5 
dxc5 39. bxc5 Qh6 40. Rb1 Qh3 41. Qa3 Rhe7 42. Rb6 Kg7 43. Qd3 Qh6 44. Rb1
Qh3 45. Qe2 Qe6 46. Rb6 Rc6 47. Qb2 Qc8 48. Rxc6 Qxc6 49. Qb6 Qa4 50. Qd8 
Kf7 51. Rd1 Nc7 52. Qh8 Ne6 53. Qh7+ Ng7 54. Rd8 Re8 55. Bd1 Qb5 56. Rxe8 
Kxe8 57. Qxg7 Qxa5 58. Qxg6+ Ke7 59. Qg7+ Kd8 60. Qxf6+ Kc8 61. Bg4+ Kb8 
62. Qd6+ Ka7 63. Qb6+ Qxb6 64. cxb6+ Kxb6 65. Be6 Kc5 66. g4 b5 67. Kf1 a5
68. Ke2 a4 69. Kd2 Kd6 70. Bd5 b4 71. Kc2 Ke7 72. Kb2 a3+ 73. Kb3 Kf6 74. 
f3 Kg5 75. Bc4 Kf4 76. Kxb4 Kxf3 77. g5 Kxe4 78. g6 Kd4 79. g7 1-0